000 00969cam a2200301 4500
001 J92206
008 090401t1998 xxu||||| |||| 00| 0 eng d
020 _a1872534465
035 _a(Sirsi) u86718
041 _aeng
050 _a333.33025
245 _aTuckers` directory of the surveyors 500 : the definitive guide to UK chartered surveyors - 1998/99 edition
250 _a5th ed.
260 _aManchester
_bStylewell Limited
_c1998
300 _a496p. ; 24cm.
350 _a49.95
520 _aThis edition includes a section entitled Recommended London Surveying Firms and Indivuduals and a legal section listing over 300 legal firms.
650 _aBARRISTERS
650 _aABOUT RICS-RICS MEMBERS
650 _aDIRECTORIES
650 _aPROPERTY LAW
650 _aSOLICITORS
650 _aSURVEYORS 500
650 _aTUCKERS DIRECTORY
690 _aMANAGEMENT-BUSINESS MANAGEMENT-PROFESSIONAL PRACTICE
942 _n0
948 _c09/06/1998
999 _c97162
_d97162